000
00308nam a22000977a 4500
005
20250901165336.0
008
210312b ||||| |||| 00| 0 eng d
050
_a
QA76
245
_a
GCSE/Key stage 4 information systems and information technology
_c
CRAWFORD, ROGER
942
_2
lcc
_h
QA76 .C73 1994
999
_c
2426
_d
2426